| LEADER | 00712nam a2200181 a 4500 | ||
|---|---|---|---|
| 001 | GR-MES4308 | ||
| 008 | 991111s1992 gr 000 0 gre d | ||
| 040 | |a GrPaTEI |b gre |c GR-PaULI | ||
| 245 | 0 | 0 | |a Θέματα ψυχολογίας του εφήβου. |
| 260 | |a Ηράκλειο : |b [χ.ο], |c 1992 | ||
| 300 | |a 195σελ. : |b πιν. | ||
| 650 | 4 | |a ΕΦΗΒΟΣ | |
| 650 | 4 | |a Ψυχολογία | |
| 700 | 1 | |a Κρασανάκης, Γ. | |
| 942 | |2 ddc | ||
| 952 | |0 0 |1 0 |2 ddc |4 0 |6 155_500000000000000_ΚΡΑ |7 0 |9 268967 |a MSLG |b MSLG |c BSC |d 2021-01-17 |e 24 |f 0 |g 0.00 |l 0 |o 155.5 ΚΡΑ |p 2420000012850 |r 2021-01-17 00:00:00 |t 1 |w 2021-01-17 |y BK15 |x 19991111 0 1 |x GrPaTEI | ||
| 971 | |a .b2575354x |b 16-04-20 |c 13-09-16 | ||
| 999 | |c 155064 |d 155064 | ||